000 00550nam a2200193 i 4500
001 187231
003 SpMaBN
005 20231228062704.0
008 170516s1937 sp |||| | spa d
080 _a616
100 1 _aMarañón, Gregorio,
_d1887-1960
_976311
245 1 0 _aProblemas clínicos de los casos fáciles /
_cG. Marañón.
260 _aMadrid :
_bEspasa-Calpe,
_c1937.
300 _a131 p. ;
_c24 cm.
500 _aÍndice.
650 4 _aMedicina-
_xCasos clínicos.
_9141512
852 _aES-MaACL
_jL-31576
999 _c187231
_d187231